Catálogo
 En Linea

Logique moderne / (Registro nro. 1943)

Detalles MARC
000 -CABECERA
campo de control de longitud fija 00932cam a2200241 a 4500
001 - NÚMERO DE CONTROL
campo de control 000002083
005 - FECHA Y HORA DE LA ÚLTIMA TRANSACCIÓN
campo de control 20260327123745.0
008 - DATOS DE LONGITUD FIJA--INFORMACIÓN GENERAL
campo de control de longitud fija 841120s1969 fr b 000 0 fre
040 ## - FUENTE DE LA CATALOGACIÓN
Centro catalogador/agencia de origen DO-SdBNP
Lengua de catalogación spa
Centro/agencia transcriptor BNPHU
082 ## - NÚMERO DE LA CLASIFICACIÓN DECIMAL DEWEY
Número de clasificación 511.3
Número de documento/Ítem G872l
100 1# - ENTRADA PRINCIPAL--NOMBRE DE PERSONA
Nombre de persona Grize, Jean-Blaise,
Fechas asociadas al nombre 1922-
9 (RLIN) 6701
245 10 - MENCIÓN DE TÍTULO
Título Logique moderne /
Mención de responsabilidad, etc. Jean-Blaise Grize.
260 ## - PUBLICACIÓN, DISTRIBUCIÓN, ETC.
Lugar de publicación, distribución, etc. [Paris] :
Nombre del editor, distribuidor, etc. Mouton,
Fecha de publicación, distribución, etc. 1969.
300 ## - DESCRIPCIÓN FÍSICA
Extensión 1 t. ;
Dimensiones 23 cm.
490 1# - MENCIÓN DE SERIE
Mención de serie Mathématiques et sciences de l'homme ;
Designación de volumen o secuencia no. 10
490 1# - MENCIÓN DE SERIE
Mención de serie École pratique des hautes études Sorbonne ;
-- Sixième Section
490 1# - MENCIÓN DE SERIE
Mención de serie Sciences Économiques et Sociales
504 ## - NOTA DE BIBLIOGRAFÍA, ETC.
Nota de bibliografía, etc. Incluye referencias bibliográficas.
650 #4 - PUNTO DE ACCESO ADICIONAL DE MATERIA--TÉRMINO DE MATERIA
Término de materia o nombre geográfico como elemento de entrada Lógica simbólica matemática
9 (RLIN) 6702
650 #0 - PUNTO DE ACCESO ADICIONAL DE MATERIA--TÉRMINO DE MATERIA
Término de materia o nombre geográfico como elemento de entrada Lógica algebraica
9 (RLIN) 6703
830 #0 - PUNTO DE ACCESO ADICIONAL DE SERIE-TÍTULO UNIFORME
Título uniforme École pratique des hautes études Sorbonne ;
Nombre de parte o sección de la obra Sixième Section : Sciences Économiques et Sociales
9 (RLIN) 6704
830 #0 - PUNTO DE ACCESO ADICIONAL DE SERIE-TÍTULO UNIFORME
Título uniforme Mathématiques et sciences de l'homme ;
Designación de volumen o secuencia no. 10
9 (RLIN) 6705
Existencias
Estado de retiro Estado de pérdida Restricciones de uso No para préstamo Código de colección Localización permanente Ubicación/localización actual Ubicación en estantería Fecha de adquisición Número de inventario Total de préstamos Signatura topográfica completa Código de barras Fecha visto por última vez Precio válido a partir de Tipo de ítem Koha
    Préstamo interno   Monografías: Libros y Folletos General General En catalogación 14.09.2009 LF1   511.3 G872l 2083-10 25.06.2020 25.06.2020 Préstamo interno

Con tecnología Koha